00790nam a2200229Ia 4500003000400000005001700004008004100021020002200062040000700084041000800091082002300099100005100122245006200173260005000235300001600285365001300301650002200314906006300336942001200399999001900411952013000430OSt20230408112051.0210423s2017 xx 000 0 und d a978-93-80853-22-2 cAL aeng a574.191 223bCLAI aCLAYCOMB (James);TRAN (Jonathan Quoc P)984912 aIntroductory biophysics: perspectives on the living state aBurlingtonbJones & Bartlett Publishersc2017 axiv,359bPB b595cINR aBiophysics984913 abiophysics: ; Introductory ; living ; perspectives ; state 2ddccBK c169420d169420 001040708PHYaSACPGbSACPGd2018-09-25eViva Booksg595.00l0o574.191 CLAIpPG015922r2022-08-24 00:00:00w2021-04-26yBK